Niekoľko otáznikov okolo dojednávania medziročných nárastov priemernej mzdy v kolektívnych zmluvách

Dohodnutie mzdy v kolektívnych zmluvách podľa ustanovenia ­ 4 ods. 3 zákona o mzde. Dohoda o medziročnom náraste mzdy. Alternatíva kolektívneho záväzku. Transformácia do individuálnych nárokov. Určenie objemu prostriedkov. Spôsob výplaty prostriedkov zamestnancov. Alternatíva individuálneho záväzku....

Description complète

Enregistré dans:
Détails bibliographiques
Auteur principal: Mačuha, Miroslav
Format: Chapitre de livre
Langue:slovaque
Sujets:
Tags: Ajouter un tag
Pas de tags, Soyez le premier à ajouter un tag!

MARC

LEADER 00000naa a2200000 4500
001 r034607
005 20230919085843.0
041 0 |a slo 
044 |a SK 
245 1 0 |a Niekoľko otáznikov okolo dojednávania medziročných nárastov priemernej mzdy v kolektívnych zmluvách  |c Miroslav Mačuha 
520 |a Dohodnutie mzdy v kolektívnych zmluvách podľa ustanovenia ­ 4 ods. 3 zákona o mzde. Dohoda o medziročnom náraste mzdy. Alternatíva kolektívneho záväzku. Transformácia do individuálnych nárokov. Určenie objemu prostriedkov. Spôsob výplaty prostriedkov zamestnancov. Alternatíva individuálneho záväzku. Možné následky nesplnenia kolektívneho záväzku. 
610 2 0 |a zmluvy kolektívne 
610 2 0 |a vyjednávanie kolektívne 
610 2 0 |a mzdy 
610 2 0 |a mzdy priemerné 
610 2 0 |a zamestnávatelia 
610 2 0 |a prostriedky mzdové 
610 2 0 |a mzdy zmluvné 
100 1 |a Mačuha, Miroslav